00518nam a2200157Ia 4500008004100000020001500041082001400056100001600070245002700086260004000113300001600153600002400169942000700193952014300200999001700343251118s9999 xx 000 0 und d a8176561819 a004.3 ROF aRofail, Ash 0aMastering Com and Com+ aNew Delhi:bBPB Publications,c2000 axxvi, 693p. aSoftware Components cGB 00104070aUITUbUITUcGIFd2025-11-18eGifted by Anonymousl0o004.3 ROFpG375r2025-11-18 16:02:52w2025-11-18yGBzGifted by Anonymous c31653d31653